Najlepsze kraje podczas 2 Wojny Światowej - Statystyki

Ogólne statystyki
  • Ten quiz został rozwiązany 482 razy
    378 od ostatniego zresetowania
  • Średni wynik to 3 z 15
Statystyki odpowiedzi
Miejsce Państwo % Poprawnych
1 Niemcy
100%
2 Wielka Brytania
64%
3 USA
58%
4 ZSRR
34%
5 Japonia
31%
8 Francja
11%
11 Polska
10%
7 Wegry
5%
6 Włochy
5%
12 Chiny
4%
9 Finlandia
3%
13 Grecja
3%
14 Bułgaria
2%
10 Rumunia
2%
15 Holandia
1%
Nie znaleziono quizów pasujących do podanych kryteriów
Rozkład punktacji
Procent ludzi z każdym wynikiem
Percentyl według liczby udzielonych odpowiedzi
Twoja historia wyników
Nie rozwiązałeś tego quizu od ostatniego zresetowania